| 000 | 00392nam a22001457a 4500 | ||
|---|---|---|---|
| 008 | 241007b ||||| |||| 00| 0 eng d | ||
| 020 | _aINSTITUTI ALBANOLOGJIK | ||
| 041 | _aSHQIP | ||
| 080 |
_22011 DERI NE 2022 _a38.1IAP |
||
| 082 | _a38.1IAP | ||
| 100 | _a38 | ||
| 101 | _aIAP | ||
| 245 |
_aGJURMIME ALBANOLOGJIKE -SERIA E SHKENCAVE HISTORIKE _cINSTITUTI ALBANOLOGJIK |
||
| 942 |
_2udc _cBK |
||
| 999 |
_c60630 _d60630 |
||